00612 2200217 4500001002100000005001700021008004100038035002400079082001100103090001800114100002600132245008900158260002700247300002000274500002600294650001900320700002200339850001200361985000600373999001500379YOGYA-0209000005133120090227032708.0 ind  0010-020900000051331 a428.24 a428.24bAlw T aALWASILAH, A. Khaedar aTeori soal jawab bahasa Inggriscdisusun oleh A. Chaedar Alwasilah, Sacheri Ramadhan aBandungbAngkasac1982 a...jilc21 cm.] aYang diterima : jil.1 aBahasa Inggris aRamadhan, Sachiri aYOPDYOG a1 aP000018851